LEADER 03458nam 2200709 450 001 996203975603316 005 20210311111955.0 010 $a1-350-21850-2 010 $a1-84813-613-7 010 $a1-78032-755-2 010 $a1-281-25875-X 010 $a9786611258757 010 $a1-84813-055-4 024 7 $a10.5040/9781350218505 035 $a(CKB)1000000000406307 035 $a(EBL)339222 035 $a(OCoLC)476155908 035 $a(SSID)ssj0000104068 035 $a(PQKBManifestationID)11128136 035 $a(PQKBTitleCode)TC0000104068 035 $a(PQKBWorkID)10079472 035 $a(PQKB)11391703 035 $a(MiAaPQ)EBC339222 035 $a(OCoLC)313668857 035 $a(CaBNVSL)9781350218505 035 $a(EXLCZ)991000000000406307 100 $a20210311e20212021 uy 0 101 0 $aeng 135 $aur|n|---||||| 181 $ctxt 182 $cc 183 $acr 200 10$aAnthropology and development $eunderstanding contemporary social change /$fJean-Pierre Olivier de Sardan ; translated by Antoinette Tidjani Alou 210 1$aLondon, England :$cZed Books,$dİ2005. 210 2$a[London, England] :$cBloomsbury Publishing,$d2021 215 $a1 online resource (257 p.) 300 $aDescription based upon print version of record. 311 08$aPainettu: 1842774174 311 08$aPainettu: 1842774166 320 $aIncludes bibliographical references pages (217-235) and index. 327 $aIntroduction : the three approaches in the anthropology of development -- Socio-anthropology of development : some preliminary statements -- Anthropology, sociology, Africa, and development : a brief historical overview -- A renewal of anthropology? -- Stereotypes, ideologies, and conceptions -- Is an anthropology of innovation possible? -- Developmentist populism and social science populism : ideology, action, knowledge -- Relations of production and modes of economic action -- Development projects and social logic -- Popular knowledge and scientific and technical knowledge -- Mediations and brokerage -- Arenas and strategic games -- Conclusion : the dialogue between social scientists and developers. 330 $aThis book re-establishes the relevance of mainstream anthropological (and sociological) approaches to development processes and simultaneously recognizes that contemporary development ought to be anthropology?s principal area of study. Professor de Sardan argues for a socio-anthropology of change and development that is a deeply empirical, multidimensional, diachronic study of social groups and their interactions. The Introduction provides a thought-provoking examination of the principal new approaches that have emerged in the discipline during the 1990s. Part I then makes clear the complexity. 606 $aApplied anthropology$zAfrica 606 $aSocial change$zAfrica 606 $aDevelopment studies$2bicssc 607 $aAfrica$xSocial conditions 608 $aElectronic books. 615 0$aApplied anthropology 615 0$aSocial change 615 7$aDevelopment studies 676 $a303.4/096 686 $a73.02$2bcl 686 $aMS 1290$2rvk 686 $aMS 9350$2rvk 700 $aOlivier de Sardan$b Jean-Pierre$0471616 801 0$bN 801 1$bCaBNVSL 801 2$bCaBNVSL 906 $aBOOK 912 $a996203975603316 996 $aAnthropology and development$91377707 997 $aUNISA LEADER 03919oam 22008294a 450 001 9910786861503321 005 20221013230927.0 010 $a1-57506-699-8 024 7 $a10.1515/9781575066998 035 $a(CKB)2670000000370703 035 $a(EBL)3155674 035 $a(SSID)ssj0001045178 035 $a(PQKBManifestationID)11641917 035 $a(PQKBTitleCode)TC0001045178 035 $a(PQKBWorkID)11100618 035 $a(PQKB)10651893 035 $a(Au-PeEL)EBL3155674 035 $a(CaPaEBR)ebr10717513 035 $a(OCoLC)922991987 035 $a(DE-B1597)584554 035 $a(DE-B1597)9781575066998 035 $a(OCoLC)1273305933 035 $a(MdBmJHUP)musev2_80968 035 $a(MiAaPQ)EBC3155674 035 $a(OCoLC)1253313466 035 $a(EXLCZ)992670000000370703 100 $a20131029d2013 uy 0 101 0 $aeng 135 $aur|n|---||||| 181 $ctxt 182 $cc 183 $acr 200 04$aSepphoris I$eThe Pottery from Ancient Sepphoris /$fed. by Eric M. Meyers and Carol L. Meyers ; with contributions by Marva Balouka, Anna de Vincenz, and the eds 210 1$aWinona Lake, Ind. :$cEisenbrauns,$d2013. 210 4$dİ2013. 215 $a1 online resource (236 p.) 225 0 $aSepphoris excavation reports ;$v1 300 $aDescription based upon print version of record. 311 $a1-57506-269-0 320 $aIncludes bibliographical references. 327 $a""Contents""; ""List of Illustrations""; ""Chapter 1 Introduction""; ""Chapter 2 Roman Pottery""; ""Chapter 3 Additional Roman Pottery""; ""Chapter 4 Fine Wares; Byzantinea???Early Islamic Wares""; ""Bibliography"" 330 $aSepphoris, ?the ornament of all Galilee? according to Josephus, was an important Galilean site during the Hellenistic, Roman, and Byzantine periods and into early Islamic times. It served as Herod Antipas?s capital of Galilee in the late first century B.C.E. and the early first century C.E., and the Sanhedrin (the supreme Jewish judicial authority) was located there for a time in the third century C.E. Extensive excavations on the western acropolis?probably the location of many of the Jewish occupants of this multicultural city?by the Duke University-Hebrew University project in the mid- to late 1980s and the Duke excavations of the 1990s produced a remarkable assemblage of ceramic wares.This book provides an overview of the history and chronology of the site. It then presents a detailed examination of the pottery. Featuring 55 plates with line-drawings as well as some photos of the various ceramic types, this important publication will be essential for all studies of the archaeology of early Judaism and Christianity in the Holy Land. 410 0$aExcavation reports ;$vv. 1. 606 $aKeramik$2gnd 606 $aFunde$2gnd 606 $aPottery, Ancient$2fast$3(OCoLC)fst01073658 606 $aExcavations (Archaeology)$2fast$3(OCoLC)fst00917564 606 $aAntiquities$2fast$3(OCoLC)fst00810745 606 $aExcavations (Archaeology)$zIsrael$zSepphoris (Extinct city) 606 $aPottery, Ancient$zIsrael$zSepphoris (Extinct city)$vCatalogs 607 $aSepphoris$2gnd 607 $aIsrael$zSepphoris (Extinct city)$2fast 607 $aIsrael$2fast 607 $aIsrael$xAntiquities 607 $aSepphoris (Extinct city)$xAntiquities 608 $aCatalogs. 615 7$aKeramik 615 7$aFunde 615 7$aPottery, Ancient. 615 7$aExcavations (Archaeology) 615 7$aAntiquities. 615 7$aExcavations (Archaeology) 615 7$aPottery, Ancient 676 $a933/.45 701 $aMeyers$b Eric M$f1940-$0647292 701 $aMeyers$b Carol L$f1942-$0858318 801 0$bMdBmJHUP 801 1$bMdBmJHUP 906 $aBOOK 912 $a9910786861503321 996 $aSepphoris I$93747240 997 $aUNINA